000 00873pam a2200253 a 4500
999 _c272
_d272
001 3981339
003 GZU
005 20200716120619.0
008 951204s1996 nyua b 001 0 eng
010 _a 95048100
020 _a0716728257 (hardcover)
040 _aDLC
_cDLC
_dDLC
050 0 0 _aBF698
_b.C54 1996
082 0 0 _a155
_220
100 1 _aCloninger, Susan C.,
_d1945-
245 1 0 _aPersonality :
_bdescription, dynamics, and development /
_cSusan C. Cloninger.
260 _aNew York :
_bW.H. Freeman and Company,
_cc1996.
300 _axviii, 588 p. :
_bill. ;
_c27 cm.
504 _aIncludes bibliographical references (p. [505]-563) and indexes.
650 0 _aPersonality.
906 _a7
_bcbc
_corignew
_d1
_eocip
_f19
_gy-gencatlg
942 _2lcc
_cBK
_h698
_iCLO
_kBF
_m1996